|
|
|
|
| LEADER |
01981cas a2200241 a 4500 |
| 001 |
AALejournalIMF020574 |
| 008 |
230101c9999 xx r poo 0 0eng d |
| 020 |
|
|
|c 5.00 USD
|
| 020 |
|
|
|z 9781498345606
|
| 022 |
|
|
|a 2663-3493
|
| 040 |
|
|
|a BD-DhAAL
|c BD-DhAAL
|
| 110 |
2 |
|
|a International Monetary Fund.
|
| 245 |
1 |
0 |
|a Statement by the Managing Director on the Work Program of the Executive Board :
|b Executive Board Meeting.
|
| 264 |
|
1 |
|a Washington, D.C. :
|b International Monetary Fund,
|c 2016.
|
| 300 |
|
|
|a 1 online resource (20 pages)
|
| 490 |
1 |
|
|a Policy Papers
|
| 500 |
|
|
|a <strong>Off-Campus Access:</strong> No User ID or Password Required
|
| 500 |
|
|
|a <strong>On-Campus Access:</strong> No User ID or Password Required
|
| 506 |
|
|
|a Electronic access restricted to authorized BRAC University faculty, staff and students
|
| 520 |
3 |
|
|a The Managing Director's Global Policy Agenda (GPA) presented to the International Monetary and Financial Committee (IMFC) in April called on member countries to reinforce their commitment to strong, sustainable, inclusive, job-rich, and more balanced global growth and to employ a three-pronged approach with monetary, fiscal, and structural actions (Figure 1). The global economy has been impaired by growth that has been too slow for too long, but it can get back on a stronger and safer track with a more forceful and balanced policy mix. Building on the approach of being agile, integrated, and member-focused, the GPA outlined how the Fund would support members in crafting a better policy mix toward durable global growth. The Fund would assist by clarifying the contours of available policy space, providing more tailored financial support and capacity development, and continuing to address new challenges.
|
| 538 |
|
|
|a Mode of access: Internet
|
| 830 |
|
0 |
|a Policy Papers; Policy Paper ;
|v No. 2016/049
|
| 856 |
4 |
0 |
|z Full text available on IMF
|u http://elibrary.imf.org/view/journals/007/2016/049/007.2016.issue-049-en.xml
|z IMF e-Library
|